Music Quiz

Random Music or Artist Quiz

The Beatles: A Day in the Life (Clicky-oke) Quiz Stats

 Plays Quiz Updated Apr 11, 2018

Challenge
Share
Tweet
Embed
Score 0/28 Timer 05:00
11 Plays Today
% Correct
news today oh, boy
97.3%
was rather sad
91.9%
lights had changed
89.3%
won the war
89%
made the grade
88.3%
out in a car
87.2%
had to laugh
86.4%
across my head
86.3%
film today oh, boy
85.5%
stood and stared
84.7%
face before
84.6%
seconds flat
83.6%
house of lords
83.5%
fell out of bed
83%
% Correct
turned away
82.2%
grabbed my hat
81.9%
turn you on
81.5%
rather small
81%
having read the book
80.2%
Blackburn, Lancashire
80.1%
into a dream, AH
80%
fill the Albert Hall
78.7%
turn you on
77.6%
noticed I was late
77.4%
count them all
77.2%
had a smoke
76.5%
photograph
70.5%
drank a cup
66.8%

You're not logged in!

Compare scores with friends on all Sporcle quizzes.
OR
Log In

You Might Also Like...

Show Comments

Extras

Top Quizzes Today


Score Distribution

Your Account Isn't Verified!

In order to create a playlist on Sporcle, you need to verify the email address you used during registration. Go to your Sporcle Settings to finish the process.

Report this User

Report this user for behavior that violates our Community Guidelines.

Details: